| 000 | 01053nam a2200301 i 4500 | ||
|---|---|---|---|
| 003 | DO-SdBNP | ||
| 005 | 20240426130551.0 | ||
| 007 | ta | ||
| 008 | 240426s2023 dr ac 000 0 spa d | ||
| 020 | _a9789945179798 | ||
| 040 |
_aDO-SdBNP _bspa _cBNPHU _erda |
||
| 082 |
_222 _bC569s |
||
| 245 | 0 | 0 |
_aCiencias sociales 3 : _beducación secundaria. / _cdirección editorial Anna Rogero Soler, Denise Pineda Martínez : ilustraciones Monserrat Ubach Figueras |
| 264 | 1 |
_aSanto Domingo, : _bSM, _c2023. |
|
| 300 |
_a253 páginas _bilustraciones, retratos _c28 cm. |
||
| 336 |
_2rdacontent _atexto _btxt |
||
| 337 |
_2rdamedia _asin mediación _bn |
||
| 338 |
_2rdacarrier _avolumen _bnc |
||
| 490 | 1 |
_aSer y saber _v3 |
|
| 500 | _aEducación secundaria. | ||
| 504 | _aBibliografía p: 254-255 | ||
| 590 | _aInventariado, 2024/ YL | ||
| 700 | 1 |
_aRogero Soler, Anna _edirección _930656 |
|
| 700 | 1 |
_aPineda Martínez, Denise _edirección _974837 |
|
| 700 | 1 |
_aUbach Figueras, Monserrat _eilustraciones _923171 |
|
| 910 | _aYLockward | ||
| 942 |
_2ddc _cLBS1 |
||
| 999 |
_c56526 _d56526 |
||